Of beasts and beauty (Record no. 37843)
[ view plain ]
| 000 -LEADER | |
|---|---|
| fixed length control field | 01902nam a2200409 a 4500 |
| 082 04 - DEWEY DECIMAL CLASSIFICATION NUMBER | |
| Classification number | 305.409861 |
| 100 1# - MAIN ENTRY--AUTHOR NAME | |
| Personal name | Stanfield, Michael Edward, |
| 245 10 - TITLE STATEMENT | |
| Title | Of beasts and beauty |
| 250 ## - EDITION STATEMENT | |
| Edition statement | 1st ed. |
| 260 ## - PUBLICATION, DISTRIBUTION, ETC. (IMPRINT) | |
| Place of publication | Austin : |
| Name of publisher | University of Texas Press, |
| Year of publication | 2013. |
| 300 ## - PHYSICAL DESCRIPTION | |
| Number of Pages | x, 280 p. : |
| Other physical details | ill. |
| 505 0# - FORMATTED CONTENTS NOTE | |
| Formatted contents note | "La mujer reina pero no gobierna," 1845-1885 -- Bicycle race, 1885-1914 -- Apparent modernity, 1914-1929 -- Liberal beauty, 1930-1948 -- Exclusive beasts, 1948-1958 -- From Miss Universe to the anti-reina, 1958-1968 -- Static government, social evolution, 1968-1979 -- Pulchritude, the palacio, and power, 1979-1985. |
| 650 #0 - SUBJECT ADDED ENTRY--TOPICAL TERM | |
| Topical Term | Feminine beauty (Aesthetics) |
| Topical Term | Beauty contests |
| Topical Term | Women |
| Topical Term | Nationalism |
| 856 40 - ELECTRONIC LOCATION AND ACCESS | |
| Uniform Resource Identifier | http://site.ebrary.com/lib/rucke/Doc?id=10724842 |
No items available.
